[Event "Challenge"]
[Site "http://www.queenalice.com/game.php?id=102564"]
[Date "2006.9.4"]
[Round "-"]
[White "javanBRA"]
[Black "magdaandreia"]
[Result "0-1"]
[WhiteElo "1300"]
[BlackElo "1279"]

1. e3 d5 2. Nh3 c6 3. Qf3 h5 4. Ng5 f6 5. Nh3 g5 6. b4 g4 7. Qf4 e5 8. Qg3 h4 9.
Qxe5+ fxe5 10. f4 Qf6 11. Bb2 Qf5 12. d3 e4 13. Bxh8 gxh3 14. Be5 Na6 15. a3
exd3 16. Bxd3 Qg4 17. Bf1 Nxb4 18. Kd2 Bf5 19. axb4 Rc8 20. Rxa7 b5 21. Be2
Bxb4+ 0-1

[Event "Challenge"]
[Site "http://www.queenalice.com/game.php?id=109480"]
[Date "2006.9.24"]
[Round "-"]
[White "biel"]
[Black "javanBRA"]
[Result "1-0"]
[WhiteElo "1371"]
[BlackElo "1195"]

1. e3 d5 2. Nh3 f6 3. Qh5+ g6 4. Qf3 h5 5. Bb5+ c6 6. Bd3 Bg4 7. Qf4 Bh6 8. Qb4
Na6 9. Qxb7 Nc5 10. Qxc6+ Nd7 11. Qxd5 Bf5 12. Bc4 Rh7 13. d3 Rh8 14. Qf7# 1-0

[Event "AUTO-BEG-29"]
[Site "http://www.queenalice.com/game.php?id=109508"]
[Date "2006.9.24"]
[Round "1"]
[White "serapio"]
[Black "javanBRA"]
[Result "1-0"]
[WhiteElo "1504"]
[BlackElo "1150"]

1. d4 e6 2. e4 d5 3. Bb5+ c6 4. Ba4 Nf6 5. Bg5 h6 6. Bh4 dxe4 7. Nc3 g5 8. Bg3
Nbd7 9. Nh3 Bb4 10. O-O O-O 11. Re1 e3 12. Rxe3 1-0

[Event "AUTO-BEG-29"]
[Site "http://www.queenalice.com/game.php?id=109509"]
[Date "2006.9.24"]
[Round "1"]
[White "javanBRA"]
[Black "serapio"]
[Result "0-1"]
[WhiteElo "1144"]
[BlackElo "1508"]

1. e4 e5 2. Nf3 Nc6 3. a3 Nf6 4. Nc3 g6 5. Bb5 Bc5 6. O-O Nd4 7. Nxe5 c6 8. Bc4
O-O 9. b4 Bd6 10. Nd3 Re8 11. f3 Nh5 12. Qe1 Nxc2 13. Qd1 Nxa1 0-1

[Event "Challenge"]
[Site "http://www.queenalice.com/game.php?id=134507"]
[Date "2006.11.28"]
[Round "-"]
[White "javanBRA"]
[Black "dilucia"]
[Result "0-1"]
[WhiteElo "1148"]
[BlackElo "2211"]

1. e4 c5 2. d3 Nc6 3. Be3 e6 4. Nf3 Qb6 5. d4 Qxb2 6. Nbd2 cxd4 7. Nc4 Qb4+ 8.
Bd2 Qc5 9. c3 dxc3 10. Bxc3 b5 11. Nb2 Qxc3+ 12. Nd2 Qxb2 13. Nb3 Bb4+ 14. Nd2
Bxd2+ 15. Ke2 Nd4+ 16. Kd3 Qc3# 0-1

[Event "Challenge"]
[Site "http://www.queenalice.com/game.php?id=141768"]
[Date "2006.12.15"]
[Round "-"]
[White "javanBRA"]
[Black "Spike"]
[Result "0-1"]
[WhiteElo "1115"]
[BlackElo "2049"]

1. e4 e6 2. d4 d5 3. Nc3 Bb4 4. a3 Bxc3+ 5. bxc3 dxe4 6. f3 exf3 7. Qxf3 Qd5 8.
Qg3 g6 9. Ne2 Nf6 10. Nf4 Qe4+ 11. Ne2 Nc6 12. Qe3 Qxc2 0-1

[Event "Challenge"]
[Site "http://www.queenalice.com/game.php?id=141769"]
[Date "2006.12.15"]
[Round "-"]
[White "farofa38"]
[Black "javanBRA"]
[Result "1-0"]
[WhiteElo "1400"]
[BlackElo "1148"]

1. Nh3 e5 2. e4 Nf6 3. g4 Nxe4 4. d3 Nf6 5. g5 Nd5 6. Qf3 c6 7. c4 Ne7 8. g6
Nxg6 9. Ng5 f6 10. Ne4 Qa5+ 11. Bd2 Qb6 12. c5 Qxb2 13. Bc3 Qb5 14. d4 Qa4 15.
dxe5 fxe5 16. Ng5 h6 17. Nf7 Rh7 18. Nd2 Bxc5 19. Bc4 d5 20. Bd3 e4 21. Bxe4
dxe4 22. Nxe4 Nh4 23. Qd3 Be7 24. Ne5 Bf5 25. f3 Nxf3+ 26. Qxf3 Bxe4 27. Qf4 g5
28. Qg4 b5 29. Rf1 h5 30. Qe6 Bd5 31. Qg6+ Rf7 32. Qg8+ Rf8 33. Qh7 Qe4+ 34.
Qxe4 Bxe4 35. Rd1 Na6 36. Rd4 Bd5 37. a3 Bf6 38. Rf5 c5 39. Rxd5 b4 40. axb4
cxb4 41. Bb2 Nc7 42. Rd7 Ne6 43. Rb7 Be7 44. Rf1 a5 45. Ng6 Rf7 46. Rf2 a4 47.
Re2 Nd8 48. Rbxe7+ Rxe7 49. Rxe7# 1-0